000 00348nam a2200133Ia 4500
008 240624s9999 xx 000 0 und d
041 _aeng
082 _a425 TAL
100 _aTALBOT FIONA
245 _aIMPROVE YOUR GLOBAL BUSINESS ENGLISH THE
260 _c2012
_aNew Delhi
_bKogan Page
300 _axii, : 238 : p. : cm. ; 22
365 _cRS
_b33
999 _c21672
_d21672